=LDR 00000nam 2200000 4500 =001 INLIS000000000041580 =005 20130612151115 =008 ***********************************ind** =035 ##$$0010-061300000041580 =041 ##$$a ind =082 ##$$a 745.095 985 =090 ##$$a 745.095 985, Per p =100 ##$$a Triguna, Ida Bagus Gde Yudha =245 ##$$a Peralatan hiburan, dan kesenian tradisional daerah bali, Ida Bagus Gde Yudha Triguna =260 ##$$a 1994 $b Bali =300 ##$$a ix, 234 hlm, ilus, 25 cm =850 ##$$a NBPNMAT